000 00887nam a22002057a 4500
999 _c62707
_d62707
003 Ge_BSU
005 20250128124405.0
008 250128s2003 ge ||||| |||| 00| 0 geo d
020 _a9789992885680
041 _ageo
080 _a37(479.223) გ-92
245 _aგანათლება აჭარაში ბოლო ათწლეულში (1990-2000 წლები) /
_cნანი გუგუნავა; [რედ.: ლალი კონცელიძე].
264 _aბათუმი :
_bაჭარა,
_c2003.
300 _a324 გვ. ;
_b20 სმ.
653 _aგანათლება აჭარაში
653 _aქართული პედაგოგიკა
700 _aკონცელიძე, ლალი
_eრედაქტორი
_92058
773 _tნაჩუქარი
942 _2udc
_cᲬᲘᲒᲜᲘ